¿Podemos emplear las webquest en el aula de grado educación infantil? (Record no. 181162)
[ view plain ]
| 000 -CABECERA | |
|---|---|
| campo de control de longitud fija | 01718nab a2200325 a 4500 |
| 005 - FECHA Y HORA DE LA ÚLTIMA TRANSACCIÓN | |
| campo de control | 20250819063913.0 |
| 008 - ELEMENTOS DE LONGITUD FIJA--INFORMACIÓN GENERAL | |
| campo de control de longitud fija | 991125c2015 ve fr p o 000 0 spa d |
| 035 ## - NÚMERO DE CONTROL DEL SISTEMA | |
| Número de control de sistema | UPN01000209061 |
| 040 ## - FUENTE DE LA CATALOGACIÓN | |
| Centro catalogador/agencia de origen | MX-MxUPN |
| Lengua de catalogación | spa |
| Centro/agencia transcriptor | MX-MxUPN |
| Normas de descripción | aacr2 |
| 049 ## - COLECCIÓN | |
| Colección | ART-E |
| 100 1# - ASIENTO PRINCIPAL--NOMBRE PERSONAL | |
| Nombre de persona | Marín Díaz, Verónica |
| 100 1# - ASIENTO PRINCIPAL--NOMBRE PERSONAL | |
| Filiación | vmarin@uco.es |
| 100 1# - ASIENTO PRINCIPAL--NOMBRE PERSONAL | |
| Nombre de persona | Sampedro Requena, Begoña Esther |
| 100 1# - ASIENTO PRINCIPAL--NOMBRE PERSONAL | |
| Filiación | bsampedro@uco.es |
| 100 1# - ASIENTO PRINCIPAL--NOMBRE PERSONAL | |
| Nombre de persona | Cabero Almenara, Julio |
| 9 (RLIN) | 34761 |
| 100 1# - ASIENTO PRINCIPAL--NOMBRE PERSONAL | |
| Filiación | cabero@us.es |
| 245 10 - MENCIÓN DE TÍTULO | |
| Título | ¿Podemos emplear las webquest en el aula de grado educación infantil? |
| 506 0# - NOTA DE RESTRICCIONES AL ACCESO | |
| Limitaciones de acceso | Acceso abierto |
| 520 3# - NOTA DE RESUMEN, ETC. | |
| Sumario, etc. | La incorporación de las tecnologías de la información y la comunicación en las aulas se está haciendo de forma rápida y vertiginosa. Sin embargo, algunas de las herramientas diseñadas no cubren todas las necesidades que los alumnos de educación infantil tienen, como es su desconocimiento de la lectoescritura. En este artículo presentamos la propuesta realizada por los estudiantes de Grado de Educación Infantil de la Universidad de Córdoba para el desarrollo del currículo a través del diseño de Webquest. Tras realizar la experiencia se ha comprobado que las herramientas tecnológicas tradicionales aún tienen cabida en el mundo de la Web 2.0. |
| 650 #2 - ASIENTO SECUNDARIO DE MATERIA - TERMINO TEMATICO | |
| Término de materia o nombre geográfico como elemento de entrada | Webquest |
| 9 (RLIN) | 19420 |
| 650 #4 - ASIENTO SECUNDARIO DE MATERIA - TERMINO TEMATICO | |
| Término de materia o nombre geográfico como elemento de entrada | Currículo |
| 9 (RLIN) | 4174 |
| 650 #7 - ASIENTO SECUNDARIO DE MATERIA - TERMINO TEMATICO | |
| Término de materia o nombre geográfico como elemento de entrada | Web 2.0 |
| 9 (RLIN) | 48575 |
| 653 0# - TERMINO DE INDIZACION - NO CONTROLADO | |
| Término no controlado | Educación infantil |
| 653 0# - TERMINO DE INDIZACION - NO CONTROLADO | |
| Término no controlado | Aula |
| 773 ## - ENLACE AL DOCUMENTO FUENTE/ENTRADA DE REGISTRO ANFITRIÓN | |
| Parte(s) relacionada(s) | Vol. 9, no. 2 (2015), p. 85-95 |
| Título | Eduweb : revista de tecnología de información y comunicación en educación |
| Número Internacional Normalizado para Publicaciones Seriadas | 1856-7576 |
| 856 4# - LOCALIZACIÓN Y ACCESO ELECTRÓNICOS | |
| Identificador Uniforme del Recurso | <a href="https://revistaeduweb.org/index.php/eduweb/article/view/119">https://revistaeduweb.org/index.php/eduweb/article/view/119</a> |
| 902 ## - ELEMENTOS DE DATOS B LOCAL, LDB (RLIN) | |
| Creó | Gloria Jiménez/110825 |
| 905 ## - TIPO DE MATERIAL | |
| Tipo de material | Articulo |
| 942 ## - ELEMENTOS DE PUNTO DE ACCESO ADICIONAL (KOHA) | |
| Tipo de ítem Koha | Artículo Electrónico |
| Estado de retiro | Estado de pérdida | Estado dañado | No para préstamo | Código de colección | Localización permanente | Ubicación/localización actual | Ubicación en estantería | Fecha de adquisición | Total de préstamos | Fecha visto por última vez | Identificador Uniforme del Recurso | Precio válido a partir de | Tipo de ítem Koha |
|---|---|---|---|---|---|---|---|---|---|---|---|---|---|
| Acceso abierto | Bib. Gregorio Torres Quintero | Bib. Gregorio Torres Quintero | En línea | 11/08/2025 | 11/08/2025 | https://revistaeduweb.org/index.php/eduweb/article/view/119 | 11/08/2025 | Artículo Electrónico |
